Les transsexuels /

I tiakina i:
Ngā taipitopito rārangi puna kōrero
Kaituhi matua: Pettiti, Louis Edmond (Author)
Hōputu: Pukapuka
Reo:Wīwī
I whakaputaina: Paris : Presses universitaires de France, 1992
Rangatū:Que sais-je? ; 2677
Ngā marau:
Ngā Tūtohu: Tāpirihia he Tūtohu
Kāore He Tūtohu, Me noho koe te mea tuatahi ki te tūtohu i tēnei pūkete!

MARC

LEADER 00000nam a22000007i 4500
001 IT\ICCU\VEA\0039365
003 ItRI
005 20260115231838.0
008 930205s1992 fr |||||| ||||| |||||c
020 |a 2130446779 
040 |b ita  |c importazione bologna sebina 
041 7 |a fre  |2 ISO-639-2 
100 1 |a Pettiti, Louis Edmond  |0 IT\ICCU\VEAV\025047  |4 aut 
245 1 4 |a Les transsexuels /  |c Louis-Edmond Pettiti. 
260 |a Paris :  |b Presses universitaires de France,  |c 1992 
300 |a 127 p. ;  |c 18 cm 
650 7 |a TRANSESSUALI  |2 scbi 
830 0 |a Que sais-je? ;  |v 2677  |0 IT\ICCU\CFI\0063042 
942 |2 ddc  |c BK  |n 0 
952 |0 0  |1 0  |4 0  |6 T_305_321000000000000_PET  |7 0  |9 14110  |a BO  |b BO  |d 2026-01-15  |i 14981  |l 0  |o T 305.321 PET  |p BO14981  |r 2026-01-15 23:18:38  |w 2026-01-15  |x [Sebina 5] [1 v.]  |y BK  |z 1 v. 
999 |c 12167  |d 12167